Tika-taka, tika-taka

Bibliographic Details
Main Author: Haľamová, Maša, 1908-1995 (Author)
Other Authors: Albrechtova, Vera (Translator), Kubašta, Vojtěch, 1914-1992 (Illustrator)
Format: Book
Language:Slovenian
Slovak
PhysicalDescription:[14] s. ilustr. 12°
Published: Bratislava Mladé letá [1965]
Subjects:

MARC

LEADER 00000cam a2200000 a 4500
001 vtls012238208
003 SK-MaSNL
005 20260302073751.0
008 230825q1965 xo a a 000 p slv
015 |a SNBA1966/11-02147 
020 |q (brož.) 
040 |a SNK  |b slo  |c SNK  |e AACR2 
041 1 |a slv  |h slo 
044 |a xo  |c SK 
080 |a 885.4-1(087.5)=863  |2 1981 
100 0 |a Haľamová, Maša,  |d 1908-1995  |4 aut  |9 107954 
240 1 0 |a Hodinky  |l Slovinsky 
245 1 0 |a Tika-taka, tika-taka  |c pesmice M. Haľamová prevedla in priredila Vera Albrehtova ; po zamisli V. Šugarja ; il. V. Kubašta 
260 |a Bratislava  |b Mladé letá  |c [1965] 
300 |a [14] s.  |b ilustr.  |c 12° 
500 |a Spoluvydavateľ: Mladinska knjiga Ljubljana 
655 7 |a slovenská poézia  |2 SNKPH  |9 70444 
655 7 |a poézia pre deti  |2 SNKPH  |9 86748 
655 7 |a rečňovanky  |2 SNKPH  |9 277107 
655 7 |a leporelá  |2 SNKPH  |9 60414 
700 1 |a Šugarija, V.  |4 ant  |9 345559 
700 1 |a Albrechtova, Vera  |4 trl  |9 345558 
700 1 |a Kubašta, Vojtěch,  |d 1914-1992  |4 ill  |9 117463 
852 |a Slovenská národná knižnica 
958 |a OND 
958 |a RK 
958 |a BQ 
958 |a DB 
999 |c 1162283  |d 1164213 
952 |t P60, <04>, [BOOK], {604}  |a SNK  |b SNK  |y VYP  |7 0  |p 17A0388735  |o snkSD 27402 D1  |i snkKSP 5300/65  |0 0  |1 0  |4 0  |d 2003-07-08  |l 0  |r 2005-01-02 00:00:00  |w 2026-02-24